000 01403nam a22002777a 4500
005 20170124103154.0
010 _aB-068475
020 _c100.00
035 _aB-068475
037 _bCen Lib/Ret
040 _aDPL
_bHN
082 _a363.7
_bनिश्तर
100 _aनिश्तर खानकाही
_989094
245 _aपर्यावरण दशा और दिशा /
_cनिश्तर खानकाही, गिरिराजशरणअग्रवाल [एवं] मीना अग्रवाल
246 _aParyavaran dasha or disha /
_bby Nishtar Khankahi , Girirajshanran Agrvala [evam] Menaa agrval
260 _aनई दिल्ली
_bडायमंड पोकेट बोक्क्स
_c2002
270 _ax-30, ओखला इंडस्ट्रियल एरिया, फेस-2
_bनई दिल्ली
_e110020
300 _a240पृ.
_c20सेमी(सजिल्द)
650 _aपर्यावरण शिक्षा
_91483
650 _aपर्यावरण शिक्षा--दशा
_989095
650 _aEnvironmental education
_913681
650 _aEnvironmental education - state
_989096
700 _aअगरवाल, गिरिराजशरण
_942649
700 _aअगरवाल, मीना
_989097
942 _2ddc
_cHN
_h363.7
_mनिश्तर
999 _c120198
_d120198